Municipis i assistència psicològica / Col·legi Oficial de Psicòlegs, Catalunya
Descripción Física:
62 p. ; 22 cm
Materias:
Psicologia social
MARC
| LEADER | 00000nam a2200000Ia 4500 | ||
|---|---|---|---|
| 001 | 15891 | ||
| 008 | 160829s9999 xx 000 0 cat d | ||
| 080 | |a F-1-73 | ||
| 110 | |a Col·legi Oficial de Psicòlegs de Catalunya |9 52327 | ||
| 245 | |a Municipis i assistència psicològica / Col·legi Oficial de Psicòlegs, Catalunya | ||
| 260 | |a Barcelona : |b Col·legi Oficial de Psicòleg de Catalunya, D. L. 1981 | ||
| 300 | |a 62 p. ; |c 22 cm | ||
| 590 | |a Conté: 1a Jornada de treball sobre Municipis i assistència psicològica celebrada a Manresa el 26 d'abril de 1980 ; Jornades sobre Treball psicològic social i pedagògic als municipis celebrades a Cornellà el 18 i 19 d'abril de 1980. | ||
| 590 | |a Prové de G-569, exp. 15. | ||
| 650 | |a Psicologia social |9 46756 | ||
| 901 | |a Arxiu | ||
| 942 | |n 1 | ||
| 952 | |0 0 |1 0 |4 0 |6 F173 |7 1 |9 53427 |a Arxiu |b Arxiu |d 2016-12-01 |l 0 |o F-1-73 |p 15891 |r 2016-12-01 00:00:00 |w 2016-12-01 |y ARXIU | ||
| 999 | |c 57293 |d 57293 | ||